000
00352nam a2200169Ia 4500
100
_a
Mukherjee/Sampat
650
_a
General
250
_a
3
942
_c
BK
654
_a
Modern economic
245
_a
Modern Economic Theory
260
_b
Wishwa Prakashan
_c
1990
082
_a
338.9
_b
MUK
300
_a
961
546
_a
ENGLISH
999
_c
31192
_d
31192